|
|
|
|
| LEADER |
02030nam a2200313 a 4500 |
| 001 |
0020232 |
| 003 |
BD-DhAAL |
| 008 |
100516s2005 njua b 001 0 eng d |
| 010 |
|
|
|a 2004050368
|
| 020 |
|
|
|a 8131705730
|
| 020 |
|
|
|a 013147135X
|
| 040 |
|
|
|a DLC
|c DLC
|d DLC
|d BD-DhAAL
|
| 082 |
0 |
0 |
|a 621.382
|2 22
|
| 100 |
1 |
|
|a Proakis, John G.
|9 58944
|
| 245 |
1 |
0 |
|a Fundamentals of communication systems /
|c John G. Proakis, Masoud Salehi.
|
| 260 |
|
|
|a Upper Saddle River, N.J. ;
|a New Delhi :
|b Pearson/Prentice Hall,
|c 2005.
|
| 300 |
|
|
|a xviii, 858 p. :
|b ill. ;
|c 24 cm
|
| 504 |
|
|
|a Includes bibliographical references (p. 831-840) and index.
|
| 526 |
|
|
|a CSE
|x Course Name : Communication Engineering (ECE 310)
|
| 541 |
1 |
|
|e 0020232
|a Trim Education
|
| 650 |
|
0 |
|a Telecommunication.
|
| 700 |
1 |
|
|a Salehi, Masoud.
|9 58945
|
| 852 |
4 |
|
|a Ayesha Abed Library
|c General Stacks
|
| 942 |
|
|
|2 ddc
|c BK
|
| 999 |
|
|
|c 8558
|d 8558
|
| 952 |
|
|
|0 0
|1 0
|2 ddc
|4 0
|6 621_382000000000000_PRO_2005
|7 0
|9 10170
|a BRACUL
|b BRACUL
|c GEN
|d 2010-05-16
|e Trim Education
|g 725.00
|l 0
|o 621.382 PRO
|p 3010020232
|r 2010-05-16
|t 1
|v 1450.00
|w 2010-05-16
|y BK
|x Requisitioned for the course named- "Communication Engineering (ECE 310)"
|
| 952 |
|
|
|0 0
|1 0
|2 ddc
|4 0
|6 621_382000000000000_PRO_2005
|7 0
|9 10171
|a BRACUL
|b BRACUL
|c GEN
|d 2010-05-16
|e Trim Education
|g 725.00
|l 1
|m 8
|o 621.382 PRO
|p 3010020233
|r 2018-12-15
|s 2018-10-18
|t 2
|v 1450.00
|w 2010-05-16
|y BK
|x Requisitioned for the course named- "Communication Engineering (ECE 310)"
|
| 952 |
|
|
|0 0
|1 0
|2 ddc
|4 0
|6 621_382000000000000_PRO_2005
|7 0
|9 10173
|a BRACUL
|b BRACUL
|c GEN
|d 2010-05-16
|e Trim Education
|g 725.00
|l 1
|m 15
|o 621.382 PRO
|p 3010020234
|q 2026-05-13
|r 2026-02-02
|s 2026-02-02
|t 3
|v 1450.00
|w 2010-05-16
|y BK
|x Requisitioned for the course named- "Communication Engineering (ECE 310)"
|
| 952 |
|
|
|0 0
|1 0
|2 ddc
|4 0
|6 621_382000000000000_PRO_2005
|7 0
|9 10174
|a BRACUL
|b BRACUL
|c GEN
|d 2010-05-16
|e Trim Education
|g 725.00
|l 1
|o 621.382 PRO
|p 3010020235
|r 2024-09-15
|s 2024-09-11
|t 4
|v 1450.00
|w 2010-05-16
|y BK
|x Requisitioned for the course named- "Communication Engineering (ECE 310)"
|